LEADER 02810nam 2200625 450 001 9910461305003321 005 20200520144314.0 010 $a1-283-20798-2 010 $a9786613207982 010 $a1-4411-9863-6 035 $a(CKB)2670000000106856 035 $a(EBL)742865 035 $a(OCoLC)745866169 035 $a(SSID)ssj0000524609 035 $a(PQKBManifestationID)12149173 035 $a(PQKBTitleCode)TC0000524609 035 $a(PQKBWorkID)10486759 035 $a(PQKB)11302156 035 $a(MiAaPQ)EBC742865 035 $a(Au-PeEL)EBL742865 035 $a(CaPaEBR)ebr10867529 035 $a(CaONFJC)MIL320798 035 $a(EXLCZ)992670000000106856 100 $a20140514h20102010 uy 0 101 0 $aeng 135 $aur|n|---||||| 181 $ctxt 182 $cc 183 $acr 200 10$aOpposition in discourse $ethe construction of oppositional meaning /$fLesley Jeffries 210 1$aLondon, England ;$aNew York, New York :$cContinuum International Publishing,$d2010. 210 4$dİ2010 215 $a1 online resource (158 p.) 225 1 $aAdvances in Stylistics 300 $aDescription based upon print version of record. 311 $a1-4411-0162-4 311 $a1-84706-512-0 320 $aIncludes bibliographical references and index. 327 $aContents; Acknowledgements; Chapter One: What are opposites?; Chapter Two: How opposites are constructed in texts and what they mean; Chapter Three: Literary effects of constructed opposition; Chapter Four: The role of opposition-construction in discourse meanings; Chapter Five: The significance of opposition in language and texts; Notes; Bibliography; Index 330 $aLesley Jeffries introduces a phenomenon which has not been given the attention it deserves - the contextual construction of oppositional meaning. These are opposites not recognisable as such out of context but that are clearly set up this way in the text concerned. The significance of oppositional meaning is well-known, and has been discussed by scholars for millennia, from Philosophy to Politics. But the main emphasis has always been on the conventional opposite: the opposite recognised by lexical semantics. Starting from socio-cultural viewpoints, moving to original research and then c 410 0$aAdvances in stylistics. 606 $aOpposition (Linguistics) 606 $aCritical discourse analysis 608 $aElectronic books. 615 0$aOpposition (Linguistics) 615 0$aCritical discourse analysis. 676 $a401.41 700 $aJeffries$b Lesley$f1956-$0221127 801 0$bMiAaPQ 801 1$bMiAaPQ 801 2$bMiAaPQ 906 $aBOOK 912 $a9910461305003321 996 $aOpposition in discourse$91915540 997 $aUNINA LEADER 02008nam 2200517 450 001 9910797849103321 005 20230807201832.0 010 $a1-4976-7210-4 035 $a(CKB)3710000000501425 035 $a(EBL)4067840 035 $a(SSID)ssj0001588022 035 $a(PQKBManifestationID)16273241 035 $a(PQKBTitleCode)TC0001588022 035 $a(PQKBWorkID)14871191 035 $a(PQKB)10310279 035 $a(MiAaPQ)EBC4067840 035 $a(Au-PeEL)EBL4067840 035 $a(CaPaEBR)ebr11119946 035 $a(OCoLC)927973313 035 $a(EXLCZ)993710000000501425 100 $a20151214h20151906 uy 1 101 0 $aeng 135 $aur|n|---||||| 181 $ctxt 182 $cc 183 $acr 200 14$aThe jungle $ea novel /$fUpton Sinclair ; cover design by Kat J. K. Lee 210 1$aNew York, New York :$cOpen Road Integrated Media,$d2015. 210 4$dİ1906 215 $a1 online resource (263 p.) 300 $aDescription based upon print version of record. 327 $a""Cover""; ""Title Page""; ""Chapter 1""; ""Chapter 2""; ""Chapter 3""; ""Chapter 4""; ""Chapter 5""; ""Chapter 6""; ""Chapter 7""; ""Chapter 8""; ""Chapter 9""; ""Chapter 10""; ""Chapter 11""; ""Chapter 12""; ""Chapter 13""; ""Chapter 14""; ""Chapter 15""; ""Chapter 16""; ""Chapter 17""; ""Chapter 18""; ""Chapter 19""; ""Chapter 20""; ""Chapter 21""; ""Chapter 22""; ""Chapter 23""; ""Chapter 24""; ""Chapter 25""; ""Chapter 26""; ""Chapter 27""; ""Chapter 28""; ""Chapter 29""; ""Chapter 30""; ""Chapter 31""; ""About the Author""; ""Copyright"" 606 $aLithuanian Americans$vFiction 606 $aWorking class$vFiction 615 0$aLithuanian Americans 615 0$aWorking class 676 $a813.52 700 $aSinclair$b Upton$f1878-1968,$0439208 702 $aLee$b Kat J. K. 801 0$bMiAaPQ 801 1$bMiAaPQ 801 2$bMiAaPQ 906 $aBOOK 912 $a9910797849103321 996 $aJungle$930321 997 $aUNINA